| 000 | 00674nam a2200193 4500 | ||
|---|---|---|---|
| 001 | 120097 | ||
| 003 | ES-MaACL | ||
| 005 | 20230906191450.0 | ||
| 007 | t| | ||
| 008 | 070214s1956 sp rb ||||1| spa d | ||
| 100 | 1 |
_aPérez Valera, Isabel. _991193 |
|
| 245 | 1 | 0 |
_aCatálogo bibliográfico y de autores de la provincia de Ciudad Real / _cIsabel Pérez Valera. |
| 260 |
_aCiudad Real : _bInstituto de Estudios Manchegos, _c1956. |
||
| 300 |
_a76 p. ; _c22 cm. |
||
| 650 | 4 |
_aEscritores españoles- _vBibliografías. _912384 |
|
| 651 | 4 |
_aCiudad Real (Provincia)- _vBibliografías. _9172594 |
|
| 710 | 2 |
_aInstituto de Estudios Manchegos. _94919 |
|
| 852 |
_aES-MaACL _jC-17710 |
||
| 999 |
_c120097 _d120097 |
||